Residential property price report January - March 2002; April - June 2002; July-Sept 2002; Oct-Dec 2002 (Record no. 102139)

MARC details
000 -LEADER
fixed length control field 00700cam a2200229 4500
001 - CONTROL NUMBER
control field J11590
008 - FIXED-LENGTH DATA ELEMENTS--GENERAL INFORMATION
fixed length control field 000000n2002 000 0 eng u
035 ## - SYSTEM CONTROL NUMBER
System control number (Sirsi) u118416
041 ## - LANGUAGE CODE
Language code of text/sound track or separate title eng
050 ## - LIBRARY OF CONGRESS CALL NUMBER
Classification number 333.33
110 ## - MAIN ENTRY--CORPORATE NAME
Corporate name or jurisdiction name as entry element HM Land Registry
9 (RLIN) 1247
245 ## - TITLE STATEMENT
Title Residential property price report January - March 2002; April - June 2002; July-Sept 2002; Oct-Dec 2002
260 ## - PUBLICATION, DISTRIBUTION, ETC.
Place of publication, distribution, etc. London
Name of publisher, distributor, etc. HM Land Registry
Date of publication, distribution, etc. 2002
300 ## - PHYSICAL DESCRIPTION
Extent 4 pt ; 30cm.
650 ## - SUBJECT ADDED ENTRY--TOPICAL TERM
Topical term or geographic name entry element HOUSE PRICES
650 ## - SUBJECT ADDED ENTRY--TOPICAL TERM
Topical term or geographic name entry element HOUSING MARKET
650 ## - SUBJECT ADDED ENTRY--TOPICAL TERM
Topical term or geographic name entry element PRICES
650 ## - SUBJECT ADDED ENTRY--TOPICAL TERM
Topical term or geographic name entry element RESIDENTIAL PROPERTY
9 (RLIN) 6266
690 ## - LOCAL SUBJECT ADDED ENTRY--TOPICAL TERM (OCLC, RLIN)
Topical term or geographic name as entry element PROPERTY-RESIDENTIAL PROPERTY-RESIDENTIAL PROPERTY MARKET
856 ## - ELECTRONIC LOCATION AND ACCESS
Uniform Resource Identifier <a href="https://www.landreg.gov.uk">https://www.landreg.gov.uk</a>
942 ## - ADDED ENTRY ELEMENTS (KOHA)
Suppress in OPAC 0
Holdings
Withdrawn status Lost status Source of classification or shelving scheme Damaged status Not for loan Home library Current library Shelving location Date acquired Total Checkouts Full call number Barcode Date last seen Copy number Price effective from Koha item type
    Dewey Decimal Classification     London London Statistics 14/06/2002   STATISTICS 30065984 06/08/2019 1 06/08/2019 Reference material
    Dewey Decimal Classification     London London Statistics 13/09/2002   STATISTICS 30066202 06/08/2019 2 06/08/2019 Reference material
    Dewey Decimal Classification     London London Statistics 02/12/2002   STATISTICS 30068284 06/08/2019 3 06/08/2019 Reference material
    Dewey Decimal Classification     London London Statistics 07/03/2003   STATISTICS 30068397 06/08/2019 4 06/08/2019 Reference material